000 00809nas a2200253 4500
001 BR2014005361
003 BR-BrBNA
005 20231205124429.0
007 ta
008 230509b bl.|||p| |||| 00| 00por d
040 _aBR-BrBNA
_bpor
_cBiblioteca Nacional de Agricultura
041 _a(Pt)
072 _aQ70
100 1 _aCamili, E.A.
100 1 _aCabello, C.
245 1 _aAvaliação do processo de flotação no tratamento da manipueira originada da fabricação de farinha de mandioca
650 _aRESÍDUO INDUSTRIAL
650 _aPROCESSAMENTO
650 _aPOLUIÇÃO
650 _aMATÉRIA ORGÂNICA
773 0 _tEnergia na Agricultura (Brazil)
_xISSN 1808-8759
_g(Jan-Mar 2008), V. 23(1) p. 32-45
_wBR2014005361
909 _a202311
_bLúcia
_c55
_dLúcia Elande
942 _2AGRIS
_n0
_cANA
999 _c239037
_d239037